[Event "14th Bora Kostic Mem"]
[Site "Vrsac SCG"]
[Date "2006.09.12"]
[Round "1"]
[White "Ivanisevic,I"]
[Black "Korneev,O"]
[Result "1-0"]
[WhiteElo "2596"]
[BlackElo "2638"]
[EventDate "2006.09.12"]

1. d4 d5 2. c4 c6 3. Nf3 Nf6 4. Nc3 e6 5. Bg5 h6 6. Bxf6 Qxf6 7. Qb3 a5 8.
e4 dxe4 9. Nxe4 Bb4+ 10. Kd1 Qf4 11. Bd3 f5 12. Nc3 c5 13. d5 O-O 14. a3 a4
15. Nxa4 Ba5 16. Nb6 Ra6 17. Nxc8 Rxc8 18. Qxb7 Rd8 19. Kc2 e5 20. b4 e4
21. bxa5 exd3+ 22. Kxd3 Rg6 23. Qe7 Nc6 24. Qe3 Qc7 25. g3 Qxa5 26. Rhb1
Qa6 27. Qxc5 Rgd6 28. Ke3 Re8+ 29. Kd2 Na5 30. Rb5 Rc8 31. Rxa5 Rxc5 32.
Rxa6 Rxa6 33. Kc3 Rca5 34. Kb4 Ra4+ 35. Kb3 Ra8 36. Nd4 Kf7 37. Nxf5 R4a6
38. Nd4 Ke7 39. Nb5 Kd7 40. c5 Rb8 41. c6+ Kc8 42. Kb4 Rba8 43. Kc5 Ra5 44.
d6 Rb8 45. d7+ Kd8 46. c7+ 1-0

[Event "14th Bora Kostic Mem"]
[Site "Vrsac SCG"]
[Date "2006.09.12"]
[Round "1"]
[White "Delchev,A"]
[Black "Macieja,B"]
[Result "1-0"]
[WhiteElo "2637"]
[BlackElo "2613"]
[EventDate "2006.09.12"]

1. e4 c6 2. d4 d5 3. exd5 cxd5 4. c4 Nf6 5. Nc3 e6 6. Nf3 Bb4 7. cxd5 Nxd5
8. Bd2 O-O 9. Bd3 Nc6 10. O-O Be7 11. Qe2 Bf6 12. Qe4 g6 13. Bh6 Nxc3 14.
bxc3 Re8 15. Ne5 Bd7 16. Rfd1 Bg7 17. Qf4 Bxh6 18. Qxf7+ Kh8 19. Nxg6+ hxg6
20. Qxg6 Re7 21. Qxh6+ Kg8 22. Be4 Qf8 23. Qh4 Rg7 24. Rab1 b6 25. Rb5 Qe7
26. Qh3 Rf8 27. Rh5 Qd6 28. Rg5 Rf5 29. Rxg7+ Kxg7 30. Bxf5 exf5 31. c4 f4
32. Qf3 Ne7 33. h3 Be6 34. c5 bxc5 35. dxc5 Qxc5 36. Qxf4 Bxa2 37. Rc1 Qa3
38. Qd4+ Kf8 39. Ra1 Qb3 40. Qxa7 Bb1 41. Qd4 Kf7 42. Qf4+ Kg7 43. Ra7 Qe6
44. Qb4 1-0

[Event "14th Bora Kostic Mem"]
[Site "Vrsac SCG"]
[Date "2006.09.13"]
[Round "2"]
[White "Spraggett,K"]
[Black "Delchev,A"]
[Result "1/2-1/2"]
[WhiteElo "2577"]
[BlackElo "2637"]
[EventDate "2006.09.12"]

1. e4 e5 2. Nf3 Nc6 3. Bb5 a6 4. Ba4 Nf6 5. O-O Bc5 6. c3 b5 7. Bb3 d6 8.
a4 Bg4 9. d3 O-O 10. h3 Bxf3 11. Qxf3 Na5 12. Bc2 b4 13. Bg5 h6 14. Bh4 Rb8
15. Nd2 bxc3 16. bxc3 Rb2 17. Qd1 Qe7 18. Nf3 Ba7 19. Re1 Qe6 20. Bg3 Nh5
21. Bh2 Qf6 22. Rb1 Rfb8 23. Rxb2 Rxb2 24. Qc1 Rb8 25. Qd2 Nf4 1/2-1/2

[Event "14th Bora Kostic Mem"]
[Site "Vrsac SCG"]
[Date "2006.09.13"]
[Round "2"]
[White "Macieja,B"]
[Black "Munizaba,S"]
[Result "1-0"]
[WhiteElo "2613"]
[BlackElo "2319"]
[EventDate "2006.09.12"]

1. d4 Nf6 2. Nf3 b6 3. Bg5 Bb7 4. Nbd2 d5 5. e3 e6 6. Bb5+ c6 7. Bd3 Be7 8.
Ne5 Nbd7 9. f4 a6 10. O-O c5 11. Qf3 Qc7 12. c3 h6 13. Qh3 Ne4 14. Bxe4
dxe4 15. Bxe7 Kxe7 16. Nxd7 Qxd7 17. f5 exf5 18. Rxf5 f6 19. Qg4 Rhg8 20.
Raf1 Rae8 21. Qf4 cxd4 22. Rxf6 Bd5 23. cxd4 Be6 24. Rxe6+ 1-0

[Event "14th Bora Kostic Mem"]
[Site "Vrsac SCG"]
[Date "2006.09.14"]
[Round "3"]
[White "Munizaba,S"]
[Black "Spraggett,K"]
[Result "0-1"]
[WhiteElo "2319"]
[BlackElo "2577"]
[EventDate "2006.09.12"]

1. c4 e5 2. Nc3 Nc6 3. Nf3 f5 4. d3 Nf6 5. g3 Bb4 6. Bd2 Bxc3 7. Bxc3 d6 8.
Bg2 O-O 9. O-O Qe8 10. b4 Qh5 11. b5 Ne7 12. e3 f4 13. exf4 exf4 14. Re1
Ng6 15. Bxf6 Rxf6 16. Re8+ Rf8 17. Rxf8+ Kxf8 18. Qb3 Bg4 19. d4 Re8 20.
Re1 b6 21. Rxe8+ Kxe8 22. Qa3 Qf5 23. Nd2 Qc2 24. Nf1 Qxc4 25. Qxa7 Bd7 26.
Qb8+ Ke7 27. Bc6 Qxd4 28. Qxc7 Ne5 29. Bg2 Nd3 30. Qc2 Bxb5 31. gxf4 Nxf4
32. Qxh7 Nxg2 33. Kxg2 Qg4+ 34. Ng3 Bc6+ 35. Kg1 Qd1+ 36. Nf1 Qf3 37. Qxg7+
Kd8 38. Qg8+ Kc7 39. Qh7+ Kb8 0-1

[Event "14th Bora Kostic Mem"]
[Site "Vrsac SCG"]
[Date "2006.09.14"]
[Round "3"]
[White "Markus,R"]
[Black "Solak,D"]
[Result "1-0"]
[WhiteElo "2586"]
[BlackElo "2564"]
[EventDate "2006.09.12"]

1. d4 d5 2. c4 c6 3. Nc3 e5 4. dxe5 d4 5. Ne4 Qa5+ 6. Bd2 Qxe5 7. Ng3 Nf6
8. Nf3 Qd6 9. Qc2 Be7 10. O-O-O O-O 11. Kb1 c5 12. e3 Nc6 13. Bc3 Bg4 14.
Be2 Rad8 15. exd4 Bxf3 16. dxc5 Qxc5 17. Bxf3 Qxc4 18. Nf5 Bb4 19. Bxf6
Qxc2+ 20. Kxc2 gxf6 21. Bxc6 bxc6 22. a3 Bc5 23. b4 Bxf2 24. Ne7+ Kg7 25.
Nxc6 Rde8 26. Rd3 Re6 27. Na5 Re2+ 28. Rd2 Rc8+ 29. Kd1 Rxd2+ 30. Kxd2 Bb6
31. Nb3 f5 32. Kd3 Kf6 33. Re1 h5 34. Nd2 Rd8+ 35. Kc3 Bd4+ 36. Kb3 f4 37.
Nc4 Rd7 38. Rd1 Ke6 39. a4 h4 40. Rd3 Rd5 41. b5 Bc5 42. Rxd5 Kxd5 43. h3
Kd4 44. a5 Kd3 45. Ne5+ Ke2 46. Kc4 Be3 47. Nf3 Kf2 48. Nxh4 Kg3 49. Nf5+
Kxg2 50. h4 Bf2 51. h5 f3 52. h6 Bg3 53. h7 f2 54. Ne3+ Kf3 55. Kd3 Be5 56.
b6 axb6 57. a6 f5 58. a7 f4 59. a8=Q+ Kg3 60. Qg2+ Kh4 61. Qg4+ 1-0

[Event "14th Bora Kostic Mem"]
[Site "Vrsac SCG"]
[Date "2006.09.14"]
[Round "3"]
[White "Delchev,A"]
[Black "Ivanisevic,I"]
[Result "0-1"]
[WhiteElo "2637"]
[BlackElo "2596"]
[EventDate "2006.09.12"]

1. e4 e5 2. Nf3 Nc6 3. Bc4 Nf6 4. d3 Be7 5. O-O O-O 6. Re1 d6 7. a4 Be6 8.
Nbd2 Qd7 9. c3 Rfe8 10. b4 a6 11. Bb2 Bxc4 12. Nxc4 Bf8 13. Ne3 Ne7 14. c4
Ng6 15. Qb3 c6 16. Bc3 Rad8 17. Qb2 h6 18. Rad1 Qe6 19. Nf1 b5 20. axb5
axb5 21. cxb5 cxb5 22. d4 Ra8 23. d5 Qd7 24. N3d2 Nf4 25. Nb3 Be7 26. Na5
Bd8 27. Kh1 Bb6 28. f3 h5 29. g3 Nh3 30. Ne3 h4 31. g4 Nh7 32. Qd2 N7g5 33.
Rf1 g6 34. Qe1 Nf4 35. Ng2 Nxf3 36. Rxf3 Nxg2 37. Qe2 Nf4 38. Rxf4 exf4 39.
Nc6 Ra3 40. Rd3 f5 41. gxf5 Qxf5 42. Ne5 Rxe5 43. Bxe5 Qg5 0-1

[Event "14th Bora Kostic Mem"]
[Site "Vrsac SCG"]
[Date "2006.09.15"]
[Round "4"]
[White "Damljanovic,B"]
[Black "Delchev,A"]
[Result "1/2-1/2"]
[WhiteElo "2625"]
[BlackElo "2637"]
[EventDate "2006.09.12"]

1. c4 Nf6 2. d4 c6 3. Bf4 Qb6 4. Qd2 Ne4 5. Qc2 d5 6. f3 Nf6 7. e3 Nbd7 8.
Nc3 e6 9. cxd5 exd5 10. Bd3 Be7 11. g4 Nf8 12. O-O-O Ne6 13. Be5 h5 14.
gxh5 Nxh5 15. h4 Bd7 16. Nge2 Bf6 17. f4 Qa5 18. Kb1 O-O-O 19. Nb5 Bxe5 20.
dxe5 Kb8 21. Nd6 Rdf8 22. Rc1 g6 23. f5 gxf5 24. Bxf5 Nhg7 25. Bxe6 Nxe6
26. Nd4 Qb4 27. Qf2 c5 28. a3 Qb6 29. Nxe6 Bxe6 30. h5 d4 31. exd4 cxd4 32.
b4 Qa6 33. Qxd4 Qxa3 34. Qb2 Qxb2+ 35. Kxb2 f6 36. Rce1 Rd8 37. Nb5 a6 38.
Nc3 Rd2+ 39. Kc1 Rd3 40. Kb2 Rc8 41. exf6 Rcxc3 42. Rxe6 1/2-1/2

[Event "14th Bora Kostic Mem"]
[Site "Vrsac SCG"]
[Date "2006.09.15"]
[Round "4"]
[White "Korneev,O"]
[Black "Solak,D"]
[Result "1/2-1/2"]
[WhiteElo "2638"]
[BlackElo "2564"]
[EventDate "2006.09.12"]

1. e4 c5 2. Nf3 Nc6 3. d4 cxd4 4. Nxd4 Nf6 5. Nc3 e5 6. Ndb5 d6 7. Bg5 a6
8. Na3 b5 9. Nd5 Be7 10. Bxf6 Bxf6 11. c3 Bg5 12. Nc2 O-O 13. a4 bxa4 14.
Rxa4 a5 15. Bc4 Rb8 16. b3 Kh8 17. Nce3 g6 18. h4 Bxh4 19. g3 Bg5 20. f4
exf4 21. gxf4 Bh4+ 22. Kd2 Ne7 23. Kc2 Nxd5 24. Nxd5 Be6 25. Ra1 Bf6 26.
Rh2 Bg7 27. Qd2 a4 28. Rah1 axb3+ 29. Bxb3 Bxd5 30. Rxh7+ Kg8 31. Bxd5 Qf6
32. Qd4 Qxd4 33. cxd4 Bxd4 34. e5 dxe5 35. Bxf7+ Rxf7 36. Rh8+ Kg7 37.
R1h7+ Kf6 38. Rxf7+ Kxf7 39. Rxb8 exf4 1/2-1/2

[Event "14th Bora Kostic Mem"]
[Site "Vrsac SCG"]
[Date "2006.09.15"]
[Round "4"]
[White "Spraggett,K"]
[Black "Miladinovic,I"]
[Result "1/2-1/2"]
[WhiteElo "2577"]
[BlackElo "2584"]
[EventDate "2006.09.12"]

1. e4 c5 2. Nf3 Nc6 3. d4 cxd4 4. Nxd4 Qc7 5. Nc3 e6 6. Be3 Nf6 7. f4 Bb4
8. Ndb5 Qa5 9. e5 Nd5 10. Bd2 Nxc3 11. Bxc3 Bxc3+ 12. Nxc3 O-O 13. Qd2 f6
14. exf6 Rxf6 15. O-O-O d5 16. Kb1 Bd7 17. g3 Be8 18. a3 a6 19. Ne2 Bh5 20.
Qxa5 Nxa5 21. Re1 Nc4 22. Nd4 Nd2+ 23. Kc1 Ne4 24. Bh3 Bf7 25. Bg2 Bg6 26.
Bh3 Bf7 27. Bg2 1/2-1/2

[Event "14th Bora Kostic Mem"]
[Site "Vrsac SCG"]
[Date "2006.09.15"]
[Round "4"]
[White "Ivanisevic,I"]
[Black "Munizaba,S"]
[Result "1-0"]
[WhiteElo "2596"]
[BlackElo "2319"]
[EventDate "2006.09.12"]

1. d4 Nf6 2. c4 e6 3. Nc3 Bb4 4. g3 c5 5. Nf3 cxd4 6. Nxd4 Ne4 7. Qd3 Qa5
8. Nb3 Qf5 9. Qe3 Nc6 10. Bg2 Nxc3 11. bxc3 Be7 12. O-O O-O 13. Rd1 Rd8 14.
c5 b6 15. Qf4 Ba6 16. Qxf5 exf5 17. Be3 Rab8 18. Rd2 Ne5 19. Rad1 Kf8 20.
Bf4 f6 21. Nd4 g6 22. c6 Nxc6 23. Bxc6 dxc6 24. Ne6+ 1-0

[Event "14th Bora Kostic Mem"]
[Site "Vrsac SCG"]
[Date "2006.09.16"]
[Round "5"]
[White "Solak,D"]
[Black "Macieja,B"]
[Result "1/2-1/2"]
[WhiteElo "2564"]
[BlackElo "2613"]
[EventDate "2006.09.12"]

1. c4 c5 2. g3 g6 3. Bg2 Bg7 4. Nc3 Nc6 5. d3 Nf6 6. e4 O-O 7. Nge2 d6 8.
O-O Rb8 9. h3 a6 10. a4 Ne8 11. Be3 Nd4 12. Rb1 Nxe2+ 13. Nxe2 b5 14. axb5
axb5 15. cxb5 Rxb5 16. d4 Nc7 17. dxc5 dxc5 18. Nc3 Ra5 19. Qc1 Be6 20. b4
cxb4 21. Bb6 Ra6 22. Nd5 Bxd5 23. Bxc7 Qd7 24. exd5 Rc8 1/2-1/2

[Event "14th Bora Kostic Mem"]
[Site "Vrsac SCG"]
[Date "2006.09.16"]
[Round "5"]
[White "Delchev,A"]
[Black "Korneev,O"]
[Result "1/2-1/2"]
[WhiteElo "2637"]
[BlackElo "2638"]
[EventDate "2006.09.12"]

1. e4 e5 2. Nf3 Nc6 3. Bb5 Nf6 4. O-O Nxe4 5. d4 Nd6 6. Bxc6 dxc6 7. dxe5
Nf5 8. Qxd8+ Kxd8 9. Nc3 Ne7 10. h3 h6 11. b3 Ke8 12. Bb2 Ng6 13. Rad1 a6
14. Ne4 c5 15. c4 Be6 16. Nc3 Rd8 17. Nd5 Rd7 18. Nh2 c6 19. Nb6 Rxd1 20.
Rxd1 Be7 21. Nf1 Bd8 22. Na4 b6 23. Ng3 h5 24. Bc1 Bc7 25. f4 Nh4 26. Ne4
Nf5 27. g3 Ke7 28. Kf2 Bc8 29. Bb2 Rd8 30. Rxd8 Bxd8 31. Kf3 Nd4+ 32. Bxd4
cxd4 33. g4 hxg4+ 34. hxg4 c5 35. Nb2 Bb7 36. Nd3 f6 37. exf6+ gxf6 38. b4
cxb4 39. Nxb4 b5 40. Nd5+ Kf8 41. Nc5 Bc6 42. Ke4 bxc4 43. Kxd4 Bxd5 44.
Kxd5 c3 45. Ke4 c2 46. Nd3 Ba5 47. Ke3 Kf7 48. Nc1 Ke6 49. Kd3 Bc7 50. Ne2
c1=Q 51. Nxc1 Bxf4 52. Nb3 Kd5 53. Nd4 Bc1 54. Ne2 Bg5 55. Ng3 Ke5 56. Nh5
Bh4 57. Kc4 Bf2 58. Kb4 Bb6 59. Kc4 Bd8 60. Kc5 Ke4 61. Nxf6+ Bxf6 62. Kb6
1/2-1/2

[Event "14th Bora Kostic Mem"]
[Site "Vrsac SCG"]
[Date "2006.09.19"]
[Round "7"]
[White "Solak,D"]
[Black "Ivanisevic,I"]
[Result "1/2-1/2"]
[WhiteElo "2564"]
[BlackElo "2596"]
[EventDate "2006.09.12"]

1. d4 Nf6 2. c4 e6 3. Nf3 d5 4. Nc3 c6 5. Bg5 dxc4 6. e4 b5 7. e5 h6 8. Bh4
g5 9. Nxg5 hxg5 10. Bxg5 Nbd7 11. exf6 Bb7 12. g3 c5 13. d5 Qb6 14. Bg2
O-O-O 15. O-O b4 16. Rb1 Qa6 17. dxe6 Bxg2 18. e7 Ba8 19. exd8=Q+ Kxd8 20.
Ne2 Qe6 21. Nf4 Qf5 22. Qd2 Kc8 23. Rbd1 Bc6 24. Nd5 Qh3 25. Bh4 Rxh4 26.
gxh4 Qg4+ 27. Kh1 Qf3+ 28. Kg1 Nxf6 29. Qf4 Bxd5 30. Qxf3 Bxf3 31. Rc1 Be2
32. Rfe1 Bh6 33. Rxe2 Bxc1 34. Rc2 Bf4 35. Rxc4 Bd6 36. Kg2 Kd7 37. Kf3 Ke6
38. b3 Kd5 39. Rc1 Be5 40. Rd1+ Ke6 41. Rd8 Nd7 42. h5 Nf6 43. h6 Kf5 44.
Ra8 Kg6 45. Rxa7 Bxh2 46. h7 Nxh7 47. Ra5 Ng5+ 48. Kg2 Bc7 49. Rxc5 Ne6 50.
Rc6 Kf5 51. a3 bxa3 52. Ra6 Ke5 53. Rxa3 Kd5 54. Ra8 Nd4 55. Rf8 f5 56. Rf7
Bd6 57. Rb7 Ke4 58. Rb6 Bc5 59. Rb8 Kd3 60. Rb7 Kc3 61. Kg3 Bd6+ 62. Kh4
Kd3 63. Kg5 Ke4 64. b4 Be5 65. b5 Nf3+ 66. Kg6 Bd4 67. b6 Ne5+ 68. Kg5 Bxf2
69. Rb8 Be3+ 70. Kh5 Nd7 71. Re8+ Kf3 72. b7 Bf4 73. Rd8 Nb8 74. Rf8 Ke4
75. Kg6 Nc6 76. Rc8 1/2-1/2

[Event "14th Bora Kostic Mem"]
[Site "Vrsac SCG"]
[Date "2006.09.19"]
[Round "7"]
[White "Munizaba,S"]
[Black "Korneev,O"]
[Result "0-1"]
[WhiteElo "2319"]
[BlackElo "2638"]
[EventDate "2006.09.12"]

1. c4 e5 2. Nc3 Nf6 3. Nf3 Nc6 4. d4 exd4 5. Nxd4 Bb4 6. Bg5 h6 7. Bh4
Bxc3+ 8. bxc3 Ne5 9. Bxf6 Qxf6 10. Nb5 Kd8 11. e3 a6 12. Nd4 c5 13. Nb3 b6
14. f4 Ng6 15. Qd2 Bb7 16. O-O-O Bc6 17. Bd3 Kc7 18. Rhf1 d6 19. e4 Rad8
20. g3 Rhe8 21. Qc2 Re7 22. Nd2 Rde8 23. Rde1 Nf8 24. Re2 g5 25. Ref2 Nd7
26. Kb2 Qg7 27. h3 b5 28. Kc1 gxf4 29. gxf4 b4 30. Re2 f5 31. Rfe1 bxc3 32.
Nb1 fxe4 33. Qxc3 exd3 34. Qxg7 Rxe2 35. Rg1 Rc2+ 36. Kd1 Bf3+ 0-1

[Event "14th Bora Kostic Mem"]
[Site "Vrsac SCG"]
[Date "2006.09.20"]
[Round "8"]
[White "Munizaba,S"]
[Black "Miladinovic,I"]
[Result "0-1"]
[WhiteElo "2319"]
[BlackElo "2584"]
[EventDate "2006.09.12"]

1. c4 e5 2. Nc3 Nc6 3. g3 g6 4. Bg2 Bg7 5. d3 d6 6. Nf3 Nf6 7. O-O O-O 8.
Rb1 a5 9. a3 Nd4 10. Nd2 c6 11. b4 axb4 12. axb4 d5 13. b5 Be6 14. bxc6
bxc6 15. e3 Nf5 16. cxd5 cxd5 17. Nf3 Rb8 18. Ba3 Re8 19. Rxb8 Qxb8 20. Ng5
Rc8 21. Nxe6 Rxc3 22. Nxg7 Kxg7 23. Bc1 Qb5 24. g4 Nh4 25. g5 Nh5 26. d4
Nxg2 27. Kxg2 e4 28. Qg4 h6 29. h4 hxg5 30. hxg5 Kg8 31. Bd2 Rc2 32. Ra1
Kg7 33. Be1 Qb7 34. Ra5 Qb1 35. Kf1 Rc1 36. Qe2 Qb7 37. Rc5 Ra1 38. Qb5 Qe7
39. Rxd5 Qe6 40. Rd8 Qh3+ 41. Ke2 Qf3+ 0-1

[Event "14th Bora Kostic Mem"]
[Site "Vrsac SCG"]
[Date "2006.09.21"]
[Round "9"]
[White "Solak,D"]
[Black "Delchev,A"]
[Result "1/2-1/2"]
[WhiteElo "2564"]
[BlackElo "2637"]
[EventDate "2006.09.12"]

1. d4 Nf6 2. c4 e6 3. Nf3 d5 4. Nc3 Bb4 5. Bg5 h6 6. Bxf6 Qxf6 7. e3 O-O 8.
Rc1 dxc4 9. Bxc4 c5 10. O-O cxd4 11. Nxd4 Bd7 12. Ne4 Qe7 13. a3 Ba5 14.
Qh5 Bb6 15. Rfd1 Nc6 16. Nf3 1/2-1/2

[Event "14th Bora Kostic Mem"]
[Site "Vrsac SCG"]
[Date "2006.09.21"]
[Round "9"]
[White "Markus,R"]
[Black "Munizaba,S"]
[Result "1-0"]
[WhiteElo "2586"]
[BlackElo "2319"]
[EventDate "2006.09.12"]

1. d4 Nf6 2. c4 e6 3. Nf3 b6 4. g3 Bb7 5. Bg2 Be7 6. O-O O-O 7. Nc3 Ne4 8.
Bd2 Bf6 9. Qc2 Nxd2 10. Qxd2 c5 11. dxc5 bxc5 12. Rfd1 Qb6 13. Qc2 Rd8 14.
Rd2 Na6 15. Rad1 d5 16. cxd5 Nb4 17. Qc1 Nxd5 18. Na4 Qb5 19. b3 Rdc8 20.
e4 c4 21. exd5 cxb3 22. Qa3 Bxd5 23. Nd4 Bxd4 24. Bxd5 exd5 25. Rxd4 bxa2
26. Qxa2 h6 27. Rxd5 Qb4 28. Rd7 Rf8 29. Nb2 a5 30. Nd3 Qb5 31. Nf4 a4 32.
Ng6 Qb3 33. Qxb3 axb3 34. Nxf8 1-0